书目信息 |
| 题名: |
太空全书
|
|
| 作者: | 特赖菲尔, 著 ;青年天文教师连线 译 | |
| 分册: | ||
| 出版信息: | 北京 北京联合出版社 2017.7 |
|
| 页数: | 335页 | |
| 开本: | 28cm | |
| 丛书名: | ||
| 单 册: | ||
| 中图分类: | V11-49 | |
| 科图分类: | ||
| 主题词: | 空间探索--普及读物 | |
| 电子资源: | ||
| ISBN: | 978-7-5596-0541-2 | |
| 000 | 01250nam0 2200277 450 | |
| 001 | 0400009513 | |
| 005 | 20171121132715.0 | |
| 010 | @a978-7-5596-0541-2@b精装@dCNY299.00 | |
| 100 | @a20170802d2017 em y0chiy50 ea | |
| 101 | 1 | @achi@ceng |
| 102 | @aCN@b110000 | |
| 105 | @aa z 001yy | |
| 106 | @ar | |
| 200 | 1 | @a太空全书@Atai kong quan shu@d= Space atlas@f(美)詹姆斯·特赖菲尔著@g青年天文教师连线译@zeng |
| 210 | @a北京@c北京联合出版社@d2017.7 | |
| 215 | @a335页@c彩图@d28cm | |
| 300 | @a美国国家地理百年探索珍贵图集 | |
| 314 | @a詹姆斯·特赖菲尔 (James Trefil),男,物理学者,科普作家,乔治梅森大学物理学专业教授,已出版近50本科普书籍。 | |
| 330 | @a本书是一本有关太阳系、银河系与更多最新信息的太空图集大全。书中从居住的太阳系开始探索,从被太阳灼烧的水星,到柯伊伯带之外冰冷浩瀚的地带。透过美国NASA与其他国家的太空探测器,读者将可以追踪整个太阳系的生命周期、扫描分析地球与其他行星的成分,并一窥恒星从星际尘埃中诞生的瞬间。 | |
| 510 | 1 | @aSpace atlas@zeng |
| 606 | 0 | @a空间探索@j普及读物 |
| 690 | @aV11-49@v5 | |
| 701 | 1 | @c(美)@a特赖菲尔,@Ate lai fei er@bJ.@g(Trefil, James)@4著 |
| 712 | 02 | @a青年天文教师连线@Aqing nian tian wen jiao shi lian xian@4译 |
| 801 | 0 | @aCN@b上海新华@c20171121 |
| 905 | @b1029205,11@dV11-49@e50@f2 | |
| 太空全书= Space atlas/(美)詹姆斯·特赖菲尔著/青年天文教师连线译.-北京:北京联合出版社,2017.7 |
| 335页:彩图;28cm |
| 美国国家地理百年探索珍贵图集 |
| ISBN 978-7-5596-0541-2(精装):CNY299.00 |
| 本书是一本有关太阳系、银河系与更多最新信息的太空图集大全。书中从居住的太阳系开始探索,从被太阳灼烧的水星,到柯伊伯带之外冰冷浩瀚的地带。透过美国NASA与其他国家的太空探测器,读者将可以追踪整个太阳系的生命周期、扫描分析地球与其他行星的成分,并一窥恒星从星际尘埃中诞生的瞬间。 |
| ● |
| 相关链接 |
|
|
|
|
正题名:太空全书
索取号:V11-49/50
 
预约/预借
| 序号 | 登录号 | 条形码 | 馆藏地/架位号 | 状态 | 备注 |
| 1 | 1029205 | 210292057 | 第二样本阅览室/ [索取号:V11-49/50] | 在馆 | |
| 2 | 1029211 | 210292119 | 第三借阅区/ [索取号:V11-49/50] | 在馆 |